LEADER 03341nas a2200625 u 4500 001 000000022408 003 CaOOAMICUS 005 20131216124736.0 008 921119c19059999fr arzp u0 u fre u 022 $a0035-3620 035 $a10559974 040 $aNIC$bita$cNIC$dCtY$dMBTI$dInU$dAIP$dNSDP$dOCoLC$dDLC$dNST$dMH$dInU$dMH$dInU$dNST 042 $ansdp$alc 082 $a271 130 0 $aRevue Mabillon$g[Spogli].$0(OLS)http://pul/title/31253 210 0 $aRev. Mabillon 222 0$aRevue Mabillon 245 10$aRevue Mabillon. 260 $aParis :$bC. Poussielgue,$c1905- 300 $av. :$bill. (some folded) ;$c26 cm 310 $aAnnual,$b1990- 321 $aQuarterly,$b1905-1989 362 0 $a1. année, no 1 (mai 1905)-61. année, no 315/318 (janv./déc. 1989) ; Nouv. sér., 1 (1990)- 490 1 $a1905-<1906>: Archives de la France monastique 500 $aTitle from cover. 500 $aPublished: Ligugé, France : Abbaye Saint-Martin de Ligugé, <1929->; Paris ; Turnhout (Belgique) : Brepols, 1990- 500 $aFounded and for many years edited by J.M. Besse. 504 $aVols. 1-25 include section: Chronique bibliographique. 510 2 $aAmerica, history and life$x0002-7065 510 2 $aHistorical abstracts. Part A. Modern history abstracts$x0363-2717 510 2 $aHistorical abstracts. Part B. Twentieth century abstracts$x0363-2725 515 $aSuspended publication June 1914-Nov. 1919, but no 38 has date: août 1914/déc. 1919. 515 $aNo 41-100 called also 2. sér., no 1-60; no 101-211 called also 3. sér. 515 $aNouv. sér., 1 (1990)- called also t. 62- 515 $aSome no. issued in combined form. 550 $aOrgan of the Société Mabillon pour le développement des études d'histoire monastique en France, 1923- 555 $aVols. 1 (1905)-57 (1967/68). 1 v. 650 0$aChurch history$xPeriodicals.$2//eng$0(OLS)http://pul/subject/4332 650 0$aMonasticism and religious orders$zFrance$xPeriodicals.$2//eng$0(OLS)http://pul/subject/14075 650 0$aMonasticism and religious orders$xPeriodicals.$2//eng$0(OLS)http://pul/subject/14076 651 0$aFrance$xReligion$xPeriodicals.$2//eng$0(OLS)http://pul/subject/14077 700 1 $aBesse, J. M.$q(Jean Martial),$d1861-1920.$0(OLS)http://pul/name/19032 710 2 $aSociété Mabillon pour le développement des études d'histoire monastique en France.$0(OLS)http://pul/name/19034 710 2 $aSaint-Martin (Abbey : Ligugé, France).$0(OLS)http://pul/name/19033 776 0 $tRevue Mabillon.$dParis : C. Poussielgue, 1905-1989 Turnhout : Brepols, 1990-$kArchives de la France monastique$x2295-9696$w()175281 830 0$aArchives de la France monastique.$0(OLS)http://pul/title/26537 850 $aPUL 852 $aPUL$W1$xDP1 Riviste Correnti$y15$m3-204/DP1103.F$j31438$nSE-PRI$bNouvelle serie: v.1 (1990)-$qPeriodici$B31438$CPULBib$Z2$F31438 $82 941 1 $a5 996 $6022$a0035-3620$9(OLS)http://pul/number/28187 996 $6082$a271$9(OLS)http://pul/classification/284 996 $6210$aRev. Mabillon$9(OLS)http://pul/title/31254 996 $6222$aRevue Mabillon$9(OLS)http://pul/title/31255 996 $6245$aRevue Mabillon$9(OLS)http://pul/title/31255 996 $6260$aParis :$bC. Poussielgue$9(OLS)http://pul/publisher/57607 LEADER 02504namaa2200421 i 4500 001 000000178343 003 CaOOAMICUS 005 20260108122755.0 008 260108s2025 it u000 u ita r 020 $a978-88-922-4921-9* 032 $aLibriCat 040 $aPUL$bita 041 0 $aita$aheb$agrc$alat 082 04$a221.4 130 0 $aBiblia.$pV.T.$pEsdra.$lEbraico e italiano.$0(OLS)http://pul/title/162066 245 10$aEsdra, Neemia : $bebraico e aramaico, greco, latino, italiano : testo ebraico e aramaico della Biblia Hebraica Stuttgartensia ; traduzione interlineare italiana di Claudio Balzaretti ; testo greco dei Settanta a cura di Rahlfs-Hanhart ; testo latino della Vulgata Clementina ; testo italiano della Nuovissima Versione della Bibbia / $c[tutto] a cura di Claudio Balzaretti. 260 $aCinisello Balsamo :$bSan Paolo,$c©2025. 300 $aXVIII, 205 pagine ;$c25 cm 336 $atesto$btxt$2rdacontent 337 $asenza mediazione$bn$2rdamedia 338 $avolume$bnc$2rdacarrier 490 1 $aBibbia ebraica interlineare ;$v23 500 $aIn testa al frontespizio titolo in caratteri ebraici. 504 $aBibliografia in nota. 546 $aTesto greco, latino e italiano nel verso, a fronte testo ebraico in rosso e nero con traduzione interlineare. 630 04$aBiblia.$pV.T.$pNehemia.$0(OLS)http://pul/subject/24301 700 1 $aBalzaretti, Claudio,$d1956-,$ecuratore.$0(OLS)http://pul/name/43143 700 1 $aHanhart, Robert,$d1925-,$etraduttore.$0(OLS)http://pul/name/1537 700 1 $aRahlfs, Alfred,$d1865-1935,$etraduttore.$0(OLS)http://pul/name/21321 830 0$aBibbia ebraica interlineare ;$v23.$0(OLS)http://pul/title/104823 850 $aPUL 852 $aPUL$W1$xSL Religione 3$y85$m221. 4 COLL 1.23$j202199$qDDC 21$B207447$CPULBib$Z2$F207447 $H138357 $82 941 1 $a9 996 $6020$a978-88-922-4921-9*$9(OLS)http://pul/number/170765 996 $6082$a221.4$9(OLS)http://pul/classification/448 996 $6245$aEsdra, Neemia : $bebraico e aramaico, greco, latino, italiano : testo ebraico e aramaico della Biblia Hebraica Stuttgartensia ; traduzione interlineare italiana di Claudio Balzaretti ; testo greco dei Settanta a cura di Rahlfs-Hanhart ; testo latino della Vulgata Clementina ; testo italiano della Nuovissima Versione della Bibbia / $9(OLS)http://pul/title/219914 996 $6260$aCinisello Balsamo :$bSan Paolo$9(OLS)http://pul/publisher/54577